Statistics for 7 Largest cities in Iraq

Click here to take the quiz!

General Stats

  • This quiz has been taken 69 times
  • The average score is 4 of 7

Answer Stats

Answer% Correct
Baghdad
100%
Mosul
81%
Basra
74%
Erbil
58%
Kirkuk
48%
Sulaymaniya
16%
Hilla
16%

Score Distribution

Percentile by Number Answered

Percent of People with Each Score

Your Score History

You have not taken this quiz